| 000 | 01699nam a2200385 a 4500 | ||
|---|---|---|---|
| 999 |
_c529643 _d529643 |
||
| 001 | 1599611 | ||
| 003 | NUST | ||
| 005 | 20190930121519.0 | ||
| 008 | 940927s1994 dcua b 000 0 eng | ||
| 010 | _a 94061134 | ||
| 020 |
_a0309056616 : _c$16.00 |
||
| 038 | _aMSOHAIL | ||
| 040 |
_aDLC _cDLC |
||
| 043 | _an-us--- | ||
| 050 | 0 | 0 |
_aTE250 _b.G73 1994 |
| 082 | 0 | 0 |
_a625.8 _220 |
| 100 | 1 |
_aGramling, W. L. _921790 |
|
| 245 | 1 | 0 |
_aCurrent practices in determining pavement condition / _cWade L. Gramling. |
| 260 |
_aWashington, D.C. : _bNational Academy Press, _c1994. |
||
| 300 |
_a57 p. : _bill. ; _c28 cm. |
||
| 440 | 0 |
_aSynthesis of highway practice, _x0547-5570 ; _v203 _922048 |
|
| 500 | _a"Transportation Research Board, National Research Council." | ||
| 500 | _a"Research sponsored by the American Association of State Highway and Transportation Officials in cooperation with the Federal Highway Administration." | ||
| 504 | _aIncludes bibliographical references (p. 37-38). | ||
| 650 | 0 |
_aPavements _zUnited States _xEvaluation. _922049 |
|
| 650 | 0 |
_aPavements _zUnited States _xTesting. _922050 |
|
| 650 | 0 |
_aPavements _zUnited States _xManagement _xData processing. _922051 |
|
| 650 | 0 |
_aManagement information systems. _918041 |
|
| 710 | 2 |
_aNational Research Council (U.S.). _bTransportation Research Board. _919676 |
|
| 710 | 2 |
_aAmerican Association of State Highway and Transportation Officials. _919553 |
|
| 710 | 1 |
_aUnited States. _bFederal Highway Administration. _920149 |
|
| 906 |
_a7 _bcbc _corignew _d2 _eopcn _f19 _gy-gencatlg |
||
| 942 |
_2ddc _cBK |
||